El derecho de separacin̤ por falta de distribucin̤ de dividendos en las sociedades de capital

Detalles Bibliográficos
Autor principal: Rojo ℓlvarez-Manzaneda, Rafael
Formato: eBook
Lenguaje:español
Publicado: Madrid: Marcial Pons, 2019
Materias:
Acceso en línea:Acceso restringido

MARC

LEADER 00000nam a22000007a 4500
005 2021092308488.0
007 cr|||| ||||
008 210923s2019 es |||||s|||| 00||0 spa d
020 |a 978-84-1381-179-6 
035 |a 33615 
040 |a vLex 
090 |c 12418  |d 12418 
100 1 |a Rojo ℓlvarez-Manzaneda, Rafael 
245 1 2 |a El derecho de separacin̤ por falta de distribucin̤ de dividendos en las sociedades de capital  |h [Recurso electrn̤ico] /  |c Rafael Rojo ℓlvarez-Manzaneda 
256 |a Servicio en ln̕ea 
260 |a Madrid:  |b Marcial Pons,  |c 2019 
300 |a 1 recurso electrn̤ico 
500 |a Desde que su reconocimiento se incorporara definitivamente a nuestro ordenamiento jurd̕ico, el derecho de separacin̤ del socio en caso de falta de reparto de los dividendos no ha pasado desapercibido, dada su significativa relevancia en el funcionamiento y gobierno de nuestras sociedades de capital. Se trata de una causa de separacin̤ a la que le ha rodeado el debate y la controversia, tanto en su fundamento como en los presupuestos diseądos para su nacimiento y ejercicio; y ello desde una perspectiva dogmt̀ica, pero tambiň prc̀tica, evidenciada, esta l︢tima, por la existencia de un buen nm︢ero de resoluciones tanto judiciales como de la Direccin̤ General de los Registros y del Notariado. Esta obra pretende contribuir al esclarecimiento de este particular derecho del socio, analizando su justificacin̤ y caracteres, como instrumento de tutela del socio y de resolucin̤ de conflictos alternativo a la impugnacin̤ del acuerdo de aplicacin̤ del resultado, y como derecho disponible. Se abordan, acto seguido, los presupuestos subjetivos y objetivos precisos para su nacimiento, con atencin̤ al sentido y alcance de su exclusin̤ respecto a ciertas sociedades; al periodo temporal de suspensin̤ desde la constitucin̤ de la sociedad; y a los requisitos relativos a los beneficios obtenidos y a los dividendos a distribuir por parte de la junta, sin olvidar el derecho de separacin̤ en funcin̤ de las cuentas consolidadas. Finalmente, el estudio se ocupa del procedimiento fijado para el ejercicio del derecho de separacin̤ y de los efectos que este despliega para la sociedad y el socio saliente. 
506 1 |a Disponible solo en los productos indicados  |d vLex Global  |d vLex Global (Academic Edition, excluding Law Schools)  |d vLex Global (U.S. Academic Edition, Law Schools)  |d vLex Global (U.S. Academic Edition, excluding Law Schools)  |d vLex Global (Academic Edition, Law Schools) 
650 0 4 |a Derecho Mercantil y de la Empresa  |z Espaą 
650 0 4 |a Sociedades  |z Espaą 
740 0 |a vLex Libros (Servicio en ln̕ea) 
856 4 0 |u https://app.vlex.com/#/sources/33615  |z Acceso restringido 
942 |c BOOK 
999 0 |a Commercial and Company Law 
999 0 |a Companies